Housing bill passed (Record no. 82803)
[ view plain ]
| 000 -LEADER | |
|---|---|
| fixed length control field | 00895cad a22002055a 4500 |
| 001 - CONTROL NUMBER | |
| control field | E151480 |
| 008 - FIXED-LENGTH DATA ELEMENTS--GENERAL INFORMATION | |
| fixed length control field | 101108e20101103xxk s000 0 eng d |
| 035 ## - SYSTEM CONTROL NUMBER | |
| System control number | (Sirsi) u151480 |
| 041 0# - LANGUAGE CODE | |
| Language code of text/sound track or separate title | eng |
| 110 2# - MAIN ENTRY--CORPORATE NAME | |
| Corporate name or jurisdiction name as entry element | Scotland |
| Subordinate unit | Scottish Government |
| 9 (RLIN) | 5344 |
| 245 00 - TITLE STATEMENT | |
| Title | Housing bill passed |
| Medium | [electronic resource] |
| 260 ## - PUBLICATION, DISTRIBUTION, ETC. | |
| Date of publication, distribution, etc. | 2010 |
| 490 ## - SERIES STATEMENT | |
| Series statement | Scottish Government News Release |
| Volume/sequential designation | 3 November 2010 |
| 520 ## - SUMMARY, ETC. | |
| Summary, etc. | Announces the passing of the Housing Bill, which will end the right to buy for all new housing association and council tenants, and also end the right to buy for all new homes built in the social housing sector. |
| 590 ## - LOCAL NOTE (RLIN) | |
| Local note | KA |
| 651 #4 - SUBJECT ADDED ENTRY--GEOGRAPHIC NAME | |
| Geographic name | Scotland |
| Chronological subdivision | 1999- |
| 690 ## - LOCAL SUBJECT ADDED ENTRY--TOPICAL TERM (OCLC, RLIN) | |
| Topical term or geographic name as entry element | PROPERTY-RESIDENTIAL PROPERTY-DOMESTIC RESIDENTIAL PROPERTY-HOUSING |
| 856 40 - ELECTRONIC LOCATION AND ACCESS | |
| Uniform Resource Identifier | <a href="https://www.scotland.gov.uk/News/Releases/2010/11/03172054">https://www.scotland.gov.uk/News/Releases/2010/11/03172054</a> |
| Public note | View the news release free of charge at www.scotland.gov.uk |
| 942 ## - ADDED ENTRY ELEMENTS (KOHA) | |
| Suppress in OPAC | 0 |
| Withdrawn status | Lost status | Source of classification or shelving scheme | Damaged status | Not for loan | Home library | Current library | Shelving location | Date acquired | Total Checkouts | Full call number | Barcode | Date last seen | Copy number | Price effective from | Koha item type |
|---|---|---|---|---|---|---|---|---|---|---|---|---|---|---|---|
| Dewey Decimal Classification | Virtual | Virtual | Online | 08/11/2010 | ONLINE PUBLICATION | 151480-2001 | 06/08/2019 | 1 | 06/08/2019 | Journal article |